000 00523nam a2200193 4500
001 VA72939
003 ES-SlBCS
005 20210601161647.0
008 140520s2007 xxu||||| |||| 00| 0 spa d
017 _aM-2713-2007
020 _a978-84-8440-372-2
041 _aspa
100 1 _aPrieto Ramiro, Rafael
_929668
245 1 0 _aSois dioses (Jn 10, 34)
_b:Cuaresma y Pascua, 2007
_cRafael Prieto Ramiro
260 _aMadrid :
_bCáritas
_c, 2007
300 _a287 p.;
_c21 cm
630 0 4 _aJuan 10,34
_9164556
942 _cBK
999 _c844821
_d844821